Countries With the Most Tattoos - Statistics

General Stats
  • This quiz has been taken 67 times
  • The average score is 8 of 10
Answer Stats
% Country % Correct
46 United States
97%
40 United Kingdom
95%
37 Brazil
86%
36 France
84%
43 Australia
81%
42 Spain
81%
48 Italy
79%
43 Argentina
62%
47 Sweden
59%
41 Denmark
54%
No matching quizzes found
Score Distribution
Percent of People with Each Score
Percentile by Number Answered
Your Score History
You have not taken this quiz